Criticison In America (Record no. 92464)

MARC details
000 -LEADER
fixed length control field 00260pam a2200121 a 4500
020 ## - INTERNATIONAL STANDARD BOOK NUMBER
Terms of availability
041 ## - LANGUAGE CODE
Language code of text/sound track or separate title eng
100 ## - MAIN ENTRY--PERSONAL NAME
Personal name Pritcbard.J.P.
245 ## - TITLE STATEMENT
Title Criticison In America
Medium Textual Documents
260 ## - PUBLICATION, DISTRIBUTION, ETC.
Place of publication, distribution, etc. [s.l]:
Name of publisher, distributor, etc. Lyall Books
300 ## - PHYSICAL DESCRIPTION
Extent 325p.
930 ## - EQUIVALENCE OR CROSS-REFERENCE-UNIFORM TITLE HEADING [LOCAL, CANADA]
Uniform title 15564
Holdings
Withdrawn status Lost status Damaged status Not for loan Collection Home library Current library Date acquired Total Checkouts Full call number Barcode Date last seen Copy number Price effective from Koha item type
          Yashwantrao Mohite College of Arts, Science And Commerce, Pune Yashwantrao Mohite College of Arts, Science And Commerce, Pune 16/07/2021   YMP-90641 24/02/2023 1 24/02/2023 Book